Japanese colour prints

Αποθηκεύτηκε σε:
Λεπτομέρειες βιβλιογραφικής εγγραφής
Κύριος συγγραφέας: Hillier, Jack Ronald
Μορφή: Βιβλίο
Γλώσσα:English
Δημοσίευση: London : Phaidon Press, 2007, c1991.
Έκδοση:5th ed.
Σειρά:Phaidon colour library
Θέματα:
Ετικέτες: Προσθήκη ετικέτας
Δεν υπάρχουν, Καταχωρήστε ετικέτα πρώτοι!

MARC

LEADER 00000cam a2200000 i 4500
001 1/88786
008 080613s1991 enk| ||| |||| ||eng||
020 |a 9780714827216 
035 |l 10098195 
040 |a GR-MyUa  |b gre  |e AACR2 
041 0 |a eng 
082 7 |a 769.952   |2 (22) 
100 1 |a Hillier, Jack Ronald. 
245 1 0 |a Japanese colour prints /   |c J. Hillier. 
250 |a 5th ed. 
260 |a London :   |b Phaidon Press,   |c 2007, c1991. 
300 |a 126 σ. :  |b εικ. (μερ. έγχρ.) ;   |c 31 εκ. 
490 1 |a (Colour library) 
504 |a Βιβλιογραφία: σ. 27. 
650 0 |a Color prints, Japanese. 
830 0 |a Phaidon colour library 
852 |a INST  |b SYROS  |e 20080613  |h 769.952 HIL  |p 005500005829  |q 005500005829  |t BK  |y 0 
901 |a BIBL5-2008-2 
922 |a 5ΕΛΗ  |b 200801  |c ΕΠΕΑΕΚ2/ΤΜΣΠΣ  |d Ελευθερουδάκης 
970 |a Κοντού  |b Παρασκευή  |z 13/06/2008